000 00558nam a22001817a 4500
003 OSt
005 20151027113211.0
008 130306t xxu||||| |||| 00| 0 eng d
020 _a 0919813216
050 _aLB 2361
_b.F57 1989
082 _aIB 378.1996
_bF53 1989
100 _aFishere, Lawrence A.
245 _aPlanning a professional curriculum :
_ba guide to understanding programme design
_cLawrence A. Fishere.
260 _aCalgary, Alta :
_bUniversity of Calgary Press,
_c1989.
300 _a217 p. :
_c22 cm
942 _2lcc
_cBK
999 _c1991
_d1991